Normal view
MARC view
- Muhammad Waleed Afzaal
Entry Personal Name
001 - CONTROL NUMBER
- control field: 36046
003 - CONTROL NUMBER IDENTIFIER
- control field: NUST
005 - DATE AND TIME OF LATEST TRANSACTION
- control field: 20210312152103.0
008 - FIXED-LENGTH DATA ELEMENTS
- fixed length control field: 210312|| aca||aabn | a|a d
040 ## - CATALOGING SOURCE
- Original cataloging agency: NUST
- Transcribing agency: NUST
100 ## - HEADING--PERSONAL NAME
- Personal name: Muhammad Waleed Afzaal
670 ## - SOURCE DATA FOUND
- Source citation: Work cat.: (NUST)15093: Zia, Muhammad Usaama 36041, Evaluation of Different Canal Lining Techniques , 2020.
